Quels sont les écuries de F1 en 2022 ? - Statistiques

Statistiques générales
  • Ce quiz a été pris 431 fois
  • Le résultat moyen est 9 sur 10
Statistiques - réponses
Hint Réponse % Correct
Leclerc/Saintz Ferrari
99%
Hamilton/Russell Mercedes
99%
Verstappen/Perez Red Bull
99%
Alonso/Ocon Alpine
94%
Norris/Ricciardo Mclaren
94%
Gasly/Tsunoda Alpha Tauri
86%
Vettel/Stroll Aston Martin
85%
Magnussen/Schumacher Haas
85%
Albon/Latifi Williams
81%
Bottas/Zhou Alfa Romeo
73%
Aucun quiz correspondant
Distribution des résultats
% des personnes avec chaque résultat
Percentile par nombre de réponses
Votre historique - résultats
Vous n’avez pas pris ce quiz